Dve možnosti slovenského parlamentu

Bibliographic Details
Main Author: Hrabko, Juraj (Author)
Format: Article
Language:Slovak
Subjects:

MARC

LEADER 00000nab a2200000 a 4500
001 vtls000627434
003 SK-MaSNL
005 20260304015737.0
008 160401c1997 xo 0 slo
015 |a SNBRB19rr/mm-uuuuu 
035 |a CL0627573 
040 |a SNKBUCL  |b slo  |c SNKBUCL  |e AACR2 
041 0 |a slo 
044 |a xo  |c SK 
080 |a 328.1(437.6)  |2 1981 
100 1 |a Hrabko, Juraj  |4 aut  |9 587766 
245 1 0 |a Dve možnosti slovenského parlamentu  |c Juraj Hrabko 
610 1 7 |a Slovensko.  |b Národná rada  |2 snkbucl  |9 165573 
655 7 |a články z novín a časopisov  |2 snkbucl  |9 267496 
773 0 |t Sme  |g Roč. 5 a 50, č. 108 (13. 5. 1997), s. 4 
850 |a Slovenská národná knižnica v Martine  |a MTA001 
852 |a SNK  |b KIS3GCP 
958 |a SK 
958 |a NX 
958 |a RK 
958 |a RBX 
999 |c 2593813  |d 2595743